Mentores y noveles: historias del trayecto. Inserción al ejercicio profesional

Guardat en:
Dades bibliogràfiques
Autor principal: Boerr Romero, Ingrid
Format: Llibre
Idioma:espanyol
Publicat: Santiago Santillana 2011
Col·lecció:Metas Educativas. 2021
Matèries:
Etiquetes: Afegir etiqueta
Sense etiquetes, Sigues el primer a etiquetar aquest registre!

MARC

LEADER 00000cam a2200000 a 4500
001 UCG7375
003 CL-VaPUC
005 20220526074500.0
008 110727e20110600cl |||||||||||||||||spa|d
999 |c 345393  |d 345391 
020 |a 9789568624033 
040 |c Pontificia Universidad Católica de Valparaíso 
082 0 4 |a 370.71 BOE 2011  |2 21 
100 0 |a Boerr Romero, Ingrid  |9 558088 
245 1 0 |a Mentores y noveles: historias del trayecto. Inserción al ejercicio profesional 
260 |a Santiago  |b Santillana  |c 2011 
300 |a 91 páginas 
490 0 |a Metas Educativas.  |v 2021 
583 |a last modification  |c 20171130 17:22:54  |k Rodrigo Vera 
650 0 |a Formación profesional de profesores  |9 307493 
650 7 |a FORMACION PROFESIONAL DEL DOCENTE  |2 CL-VaPUC  |9 462587 
650 0 |a Rol del docente  |9 329733 
942 |c BK  |2 ddc 
945 |d 20110727 00:00:00  |a dcastane 
952 |0 0  |1 0  |2 ddc  |4 0  |6 370_710000000000000_BOE_2011  |7 0  |8 A  |9 444061  |a BIBEDU  |b BIBEDU  |c ES_NOD  |d 2019-11-22  |i 4788052  |o 370.71 BOE 2011  |p 4788052  |r 2023-08-09  |t 5  |w 2019-11-22  |y BK  |k EPE 
952 |0 0  |1 0  |2 ddc  |3 erb  |4 0  |6 370_710000000000000_BOE_2011  |7 0  |8 A  |9 444062  |a BIBEDU  |b BIBEDU  |c ES_NOD  |i 5145562  |o 370.71 BOE 2011  |p 5145562  |r 2023-08-09  |t 6  |w 2019-11-22  |y BK  |z Catalogado en:20150409  |k EPE 
952 |0 0  |1 0  |2 ddc  |3 erb  |4 0  |6 370_710000000000000_BOE_2011  |7 0  |8 A  |9 444063  |a BIBCUR  |b BIBCUR  |i 5147875  |o 370.71 BOE 2011  |p 5147875  |r 2025-04-22  |t 1  |w 2019-11-22  |y BK  |z Catalogado en:20150430  |k BIO 
952 |0 0  |1 0  |2 ddc  |3 erb  |4 0  |6 370_710000000000000_BOE_2011  |7 0  |8 A  |9 444064  |a BIBCUR  |b BIBCUR  |i 5147867  |o 370.71 BOE 2011  |p 5147867  |r 2025-04-22  |t 2  |w 2019-11-22  |y BK  |z Catalogado en:20150430  |k BIO 
952 |0 0  |1 0  |2 ddc  |3 erb  |4 0  |6 370_710000000000000_BOE_2011  |7 0  |8 A  |9 444065  |a BIBGIM  |b BIBGIM  |i 5147859  |o 370.71 BOE 2011  |p 5147859  |r 2025-01-15  |t 3  |w 2019-11-22  |y BK  |z Catalogado en:20150430  |k SSL 
952 |0 0  |1 0  |2 ddc  |3 erb  |4 0  |6 370_710000000000000_BOE_2011  |7 0  |8 A  |9 444066  |a BIBGIM  |b BIBGIM  |i 5147840  |o 370.71 BOE 2011  |p 5147840  |r 2025-01-15  |t 4  |w 2019-11-22  |y BK  |z Catalogado en:20150430  |k SSL 
952 |0 0  |1 0  |2 ddc  |3 erb  |4 0  |6 370_710000000000000_BOE_2011  |7 0  |8 R  |9 444067  |a BIBEDU  |b BIBEDU  |i 5147816  |o 370.71 BOE 2011  |p 5147816  |r 2023-01-12  |t 10  |w 2019-11-22  |y BK_R  |z Catalogado en:20150430  |k MUS 
952 |0 0  |1 0  |2 ddc  |3 erb  |4 0  |6 370_710000000000000_BOE_2011  |7 0  |8 R  |9 444068  |a BIBEDU  |b BIBEDU  |i 5147808  |o 370.71 BOE 2011  |p 5147808  |r 2023-01-12  |t 11  |w 2019-11-22  |y BK_R  |z Catalogado en:20150430  |k MUS 
952 |0 0  |1 0  |2 ddc  |3 erb  |4 0  |6 370_710000000000000_BOE_2011  |7 0  |8 A  |9 444069  |a BIBHIS  |b BIBHIS  |i 5147794  |o 370.71 BOE 2011  |p 5147794  |r 2025-01-20  |t 8  |w 2019-11-22  |y BK  |z Catalogado en:20150430  |k HIS 
952 |0 0  |1 0  |2 ddc  |3 erb  |4 0  |6 370_710000000000000_BOE_2011  |7 0  |8 A  |9 444070  |a BIBHIS  |b BIBHIS  |i 5147786  |o 370.71 BOE 2011  |p 5147786  |r 2025-01-20  |t 9  |w 2019-11-22  |y BK  |z Catalogado en:20150430  |k HIS 
952 |0 0  |1 0  |2 ddc  |3 erb  |4 0  |6 370_710000000000000_BOE_2011  |7 0  |8 A  |9 444071  |a BIBTEO  |b BIBTEO  |i 5147778  |o 370.71 BOE 2011  |p 5147778  |r 2025-01-17  |t 12  |w 2019-11-22  |y BK  |z Catalogado en:20150430  |k ICR 
952 |0 0  |1 0  |2 ddc  |3 erb  |4 0  |6 370_710000000000000_BOE_2011  |7 0  |8 A  |9 444072  |a BIBTEO  |b BIBTEO  |i 514776K  |o 370.71 BOE 2011  |p 514776K  |r 2025-01-17  |t 13  |w 2019-11-22  |y BK  |z Catalogado en:20150430  |k ICR 
952 |0 0  |1 0  |2 ddc  |3 erb  |4 0  |6 370_710000000000000_BOE_2011  |7 0  |8 A  |9 444073  |a BIBEDU  |b BIBEDU  |c ES_NOD  |i 544408K  |o 370.71 BOE 2011  |p 544408K  |r 2023-08-09  |t 7  |w 2019-11-22  |y BK  |z Catalogado en:20171230  |k EPE